1447 1450 1541 1625 1771 1111 1067 1244 1538 1113 1022 1312 1402 1321 1290 1442 1995 1381 1003 1639 1555 1430 1610 1380 1994 1947 1676 1213 1631 1713 1349 1658 1046 1880 1044 1824 1269 1220 1929 1026 1093 1938 1231 1847 1687 1782 1714 1379 1479 1810 1777 1122 1888 1925 1944 1737 1925 1807 1827 1016 1213 1548 1238 1687 1185 1241 1130 1008 1707 1833 1885 1688 1245 1964 1149 1585 1779 1289 1060 1734 1473 1208 1338 1621 1149 1696 1024 1843 1879 1341 1786 1390 1059 1581 1655 1366 1289 1732 1792 BCNSPRNW ULIB Ver.6.0+V

เปลี่ยนเป็นภาษาไทย

Change to English
 แสดงรายละเอียดบรรณานุกรม
  กลับหน้าหลัก

Brief Record : Get Marc (ISO 2709) : E-mail record : QR code < ปิดหน้าต่าง
LEADER : 00000nam 2200000uu 4500
001    13399111552
003     ULIB
008    110701s||||||||th 000 0 tha d
020    9786115150106
050  4 PE1130.T5^bค163C 2552
100 1  ไรท์, คริสโตเฟอร์
245 10 Chris unseen : have you ever seen Chris yet ? =^bคุณเคยเห็นคริสหรือยัง ? /^cChristopher Wright
246 30 คุณเคยเห็นคริสหรือยัง ?
250    พิมพ์ครั้งที่ 1
260    กรุงเทพฯ :^bเนชั่นบุ๊คส์,^c2552
300    214 หน้า :^bภาพประกอบ ;^c22 ซม.
650  7 ภาษาอังกฤษ^xการใช้ภาษา
650  7 ภาษาอังกฤษ^xบทสนทนาและวลี
945    ^p175^l0^i026440
945    ^p175^l0^i026439
995    ทศพร
999 ^a ใช้งานได้ทุกระบบ
รายการนี้ยังไม่มีแท็ก
คุณยังไม่ได้ล็อกอิน คุณสามารถมีกิจกรรมร่วมกับเว็บไซต์ได้ แต่ต้องล็อกอินก่อน ::
  ล็อกอิน

รายการสื่อสารสนเทศ

ลำดับที่ ประเภท เลขเรียก/บาร์โค้ด สถานที่ สถานะ
- ไม่พบข้อมูล -

รายการใกล้เคียง
    ผู้แต่ง [ไรท์, คริสโตเฟอร์]

    หัวเรื่อง [ภาษาอังกฤษ การใช้ภาษา]

BibComment


ยังไม่เคยถูกคอมเมนท์

คอมเมนท์ทรัพยากรรายการนี้
  คอมเมนท์: Chris unseen hav..


 Copyright 2026. Bcnsprnw @Library